[Event "EYCC 2024 - O18"]
[Site "?"]
[Date "2024.08.26"]
[Round "5.12"]
[White "Babula, Vlastimil"]
[Black "Lang, Simon"]
[Result "1-0"]
[BlackElo "2138"]
[WhiteElo "2326"]
[LiveChessVersion "1.4.8"]

1. e4 {[%clk 1:30:56]} e6 {[%clk 1:30:31]} 2. d4 {[%clk 1:31:12]} d5
{[%clk 1:30:42]} 3. Nc3 {[%clk 1:31:36]} Nf6 {[%clk 1:30:05]} 4. e5
{[%clk 1:31:53]} Nfd7 {[%clk 1:30:13]} 5. f4 {[%clk 1:32:17]} c5 {[%clk 1:29:50]}
6. Nf3 {[%clk 1:32:41]} Nc6 {[%clk 1:29:33]} 7. Be3 {[%clk 1:33:06]} a6
{[%clk 1:28:50]} 8. Ne2 {[%clk 1:33:16]} Qb6 {[%clk 1:27:26]} 9. Qc1
{[%clk 1:32:40]} Be7 {[%clk 1:24:54]} 10. c3 {[%clk 1:32:07]} O-O
{[%clk 1:23:41]} 11. dxc5 {[%clk 1:30:32]} Bxc5 {[%clk 1:19:38]} 12. Ned4
{[%clk 1:30:30]} f6 {[%clk 1:14:56]} 13. b4 {[%clk 1:18:31]} Bxd4
{[%clk 0:39:50]} 14. Nxd4 {[%clk 1:18:01]} fxe5 {[%clk 0:30:30]} 15. Nxe6
{[%clk 1:16:11]} d4 {[%clk 0:30:43]} 16. Nxf8 {[%clk 1:16:24]} Nxf8
{[%clk 0:30:24]} 17. Bf2 {[%clk 1:15:16]} Be6 {[%clk 0:29:23]} 18. fxe5
{[%clk 0:52:38]} Bd5 {[%clk 0:25:20]} 19. cxd4 {[%clk 0:42:19]} Ne6
{[%clk 0:19:17]} 20. a3 {[%clk 0:37:47]} Rf8 {[%clk 0:15:35]} 21. Qd2
{[%clk 0:36:34]} Rf4 {[%clk 0:09:08]} 22. Be2 {[%clk 0:31:22]} Bxg2
{[%clk 0:08:22]} 23. Rg1 {[%clk 0:27:04]} Bd5 {[%clk 0:08:35]} 24. Be3
{[%clk 0:24:37]} Re4 {[%clk 0:07:40]} 25. O-O-O {[%clk 0:22:01]} Ncxd4
{[%clk 0:01:47]} 26. Kb2 {[%clk 0:21:31]} Qc6 {[%clk 0:01:25]} 27. Rc1
{[%clk 0:19:25]} Qa4 {[%clk 0:01:50]} 28. Bd1 {[%clk 0:19:49]} Bb3
{[%clk 0:01:06]} 29. Rc8+ {[%clk 0:19:02]} Kf7 {[%clk 0:01:34]} 30. Qf2+
{[%clk 0:18:14]} Ke7 {[%clk 0:00:59]} 31. Rxg7+ {[%clk 0:18:20]} 1-0